01264nam a2200289 a 4500001001300000003000900013005001700022008004100039020001000080082001600090100002000106245002400126260003900150300000800189500003500197650002000232700002000252902000800272942000700280952011800287952011800405952010600523952010600629952010600735952011800841999001500959nice12345678IN_TiNIC20260116011454.0070727s1946 phia grp 000 0 eng  ac10000a296.09bGRA aGraetz, Hinrich aHistory of the Jews aPhiladelphia bNo Publisher c1946 a00p aincludes index and biblioraphy aJudaism-History1 aGraetz, Hinrich bSRS cBK 001040708REFaHMIbHMIcREFd0000-00-00g100.00l1o296.09 GRAp00584r2017-12-13s2017-07-13w2026-01-16yBK 001040708REFaHMIbHMIcREFd0000-00-00g100.00l1o296.09 GRAp00585r2017-07-28s2017-07-14w2026-01-16yBK 001040708REFaHMIbHMIcREFd0000-00-00g100.00l0o296.09 GRAp00586r0000-00-00w2026-01-16yBK 001040708REFaHMIbHMIcREFd0000-00-00g100.00l0o296.09 GRAp00587r0000-00-00w2026-01-16yBK 001040708REFaHMIbHMIcREFd0000-00-00g100.00l0o296.09 GRAp00588r0000-00-00w2026-01-16yBK 001040708REFaHMIbHMIcREFd0000-00-00g100.00l1o296.09 GRAp00589r2017-07-13s2017-07-07w2026-01-16yBK c1846d1846